000 00434nam a2200193Ia 4500
005 20240823040359.0
008 240823s9999||||xx |||||||||||||| ||und||
020 _a978-81-8493-510-3
041 _aENGLISH
082 _A248.4 Q1
100 _aPadmavathi Vajjulu
245 0 _aManage Your Emotions
250 _a1st
260 _c2011
_bPr
500 _aDISPLAY
650 _aGeneral
_bGeneral
942 _cBK
999 _c202969
_d202969